|
|
|
|
| LEADER |
02138cas a2200253 a 4500 |
| 001 |
AALejournalIMF020261 |
| 008 |
230101c9999 xx r poo 0 0eng d |
| 020 |
|
|
|c 5.00 USD
|
| 020 |
|
|
|z 9781498341431
|
| 022 |
|
|
|a 2663-3493
|
| 040 |
|
|
|a BD-DhAAL
|c BD-DhAAL
|
| 110 |
2 |
|
|a International Monetary Fund.
|
| 245 |
1 |
0 |
|a Quota Formula :
|b Data Update and Further Considerations.
|
| 264 |
|
1 |
|a Washington, D.C. :
|b International Monetary Fund,
|c 2013.
|
| 300 |
|
|
|a 1 online resource (39 pages)
|
| 490 |
1 |
|
|a Policy Papers
|
| 500 |
|
|
|a <strong>Off-Campus Access:</strong> No User ID or Password Required
|
| 500 |
|
|
|a <strong>On-Campus Access:</strong> No User ID or Password Required
|
| 506 |
|
|
|a Electronic access restricted to authorized BRAC University faculty, staff and students
|
| 520 |
3 |
|
|a The IMF staff has updated individual member country data for the variables used in the quota formula for the period 1999-2011; the tables also include the comparable value of each variable for the previous quota dataset, which was based on data covering the period 1998-2010. The information is presented in millions of SDRs (Table A1) and in percent of their respective global totals (Tables A2 and A3). A table showing calculated quota shares based on the quota formula is also included (Table A4). The current quota formula includes a GDP variable, which is a blend of GDP at market rates and GDP at purchasing power parity (PPP), openness, variability, and international reserves (see Box 1 in Reform of Quota and Voice in the International Monetary Fund-Draft Report of the Executive Board to the Board of Governors). Data sources and a description of the quota variables are discussed in Quota Formula - Data Update and Further Considerations - Statistical Appendix; IMF Policy Paper; June 2013. Download Quota Data: Updated IMF Quota Formula Variables - July 2013.
|
| 538 |
|
|
|a Mode of access: Internet
|
| 651 |
|
7 |
|a China, People's Republic of
|2 imf
|
| 830 |
|
0 |
|a Policy Papers; Policy Paper ;
|v No. 2013/068
|
| 856 |
4 |
0 |
|z Full text available on IMF
|u http://elibrary.imf.org/view/journals/007/2013/068/007.2013.issue-068-en.xml
|z IMF e-Library
|